| 000 | 00724nam a2200229 i 4500 | ||
|---|---|---|---|
| 001 | 71620 | ||
| 003 | ES-MaACL | ||
| 005 | 20250829112154.0 | ||
| 007 | t| | ||
| 008 | 040813s1971 sp ||||1| spa d | ||
| 100 | 1 |
_aGeorge, Pierre. _956386 |
|
| 245 | 1 | 0 |
_aGeografía de la población / _cpor Pierre George ; [traducción de Dominec Berdagá]. |
| 250 | _a[1ª ed.]. | ||
| 260 |
_aVilassar de Mar : _bOikos-Tau, _c1971. |
||
| 300 |
_a126 p. ; _c18 cm. |
||
| 490 | 1 |
_aColección ¿Qué sé? ; _v43 |
|
| 650 | 7 |
_aGeografía de la población _2embne _913076 |
|
| 700 | 1 |
_aBergadá, Doménec. _927918 |
|
| 830 | 0 |
_a¿Qué sé? _v43 _9181382 |
|
| 852 |
_aES-MaACL _jC-44901 _bR.78308 |
||
| 999 |
_c71620 _d71620 |
||